Campeones del fútbol venezolano - Estadísticas

Estadísticas generales
  • Esta prueba ha sido intentada 45 veces
  • La puntuación promedio es 43 de 68
Estadísticas de respuestas
Temporada Campeón % Correcto
1979 Deportivo Táchira
97%
1981 Deportivo Táchira
97%
1984 Deportivo Táchira
97%
1986 Deportivo Táchira
97%
1999-00 Deportivo Táchira
97%
2007-08 Deportivo Táchira
97%
2010-11 Deportivo Táchira
97%
2014-15 Deportivo Táchira
97%
2021 Deportivo Táchira
97%
2023 Deportivo Táchira
97%
2024 Deportivo Táchira
97%
1991-92 Caracas FC
90%
1993-94 Caracas FC
90%
1994-95 Caracas FC
90%
1996-97 Caracas FC
90%
2000-01 Caracas FC
90%
2002-03 Caracas FC
90%
2003-04 Caracas FC
90%
2005-06 Caracas FC
90%
2006-07 Caracas FC
90%
2008-09 Caracas FC
90%
2009-10 Caracas FC
90%
2019 Caracas FC
90%
1997-98 Atlético Zulia
67%
1957 Universidad Central
63%
2012-13 Zamora FC
63%
2013-14 Zamora FC
63%
2016 Zamora FC
63%
2018 Zamora FC
63%
2020 Deportivo La Guaira
60%
2011-12 Deportivo Lara
60%
1958 Deportivo Portugués
60%
1960 Deportivo Portugués
60%
1962 Deportivo Portugués
60%
1967 Deportivo Portugués
60%
1961 Deportivo Italia
57%
1963 Deportivo Italia
57%
1966 Deportivo Italia
57%
1972 Deportivo Italia
57%
1980 Estudiantes de Mérida
57%
1985 Estudiantes de Mérida
57%
2022 Metropolitanos
57%
1973 Portuguesa
53%
1975 Portuguesa
53%
1976 Portuguesa
53%
1977 Portuguesa
53%
1978 Portuguesa
53%
1988-89 Mineros de Guayana
50%
2017 Monagas SC
50%
2004-05 Unión Atlético Maracaibo
50%
1965 Lara FC
47%
1995-96 Minervén
40%
1983 Universidad de los Andes
40%
1990-91 Universidad de los Andes
40%
1971 Valencia FC
37%
1959 Deportivo Español
33%
1964 Deportivo Galicia
33%
1969 Deportivo Galicia
33%
1970 Deportivo Galicia
33%
1974 Deportivo Galicia
33%
1998-99 Deportivo Italchacao
30%
1986-87 Marítimo
27%
1987-88 Marítimo
27%
1989-90 Marítimo
27%
1992-93 Marítimo
27%
2001-02 Nacional Táchira
27%
1968 UD Canarias
27%
1982 Atlético San Cristóbal
23%
No se encontraron pruebas coincidentes
Distribución de puntuación
Porcentaje de gente con cada puntuación
Porcentaje por número respondido
Historial de tus puntuaciones
No has intentado esta prueba.